Normal view MARC view

Entry Personal Name

Number of records used in: 1

001 - CONTROL NUMBER

  • control field: 1238091

003 - CONTROL NUMBER IDENTIFIER

  • control field: OSt

005 - DATE AND TIME OF LATEST TRANSACTION

  • control field: 20260430150637.0

008 - FIXED-LENGTH DATA ELEMENTS

  • fixed length control field: 260430|| aca||aabn | a|a d

040 ## - CATALOGING SOURCE

  • Original cataloging agency: OSt
  • Transcribing agency: OSt

100 ## - HEADING--PERSONAL NAME

  • Personal name: University of Delhi. Faculty of Inter-Disciplinary&Applied ScienceSciences. Deptt. of Physical Education & Sports Science

670 ## - SOURCE DATA FOUND

  • Source citation: Work cat.: (OSt)1850283: Kushwaha Lakhan Au.; Tyagi Sarita Gu. 1238090, Gender-Related Differences among Tennis & Badminton Players: A Psychological Approach, 2024
Copyright @ Delhi University Library System